ბათუმის შოთა რუსთაველის სახელმწიფო უნივერსიტეტის ბიბლიოთეკა

История мировой политики.Эпоха древного мира (ბიბ.ჩანაწერი № 36042)

000 -LEADER
fixed length control field 00834nam a2200229Ia 4500
001 - CONTROL NUMBER
control field 1941
003 - CONTROL NUMBER IDENTIFIER
control field GE_BSU
005 - DATE AND TIME OF LATEST TRANSACTION
control field 20221006122329.0
008 - FIXED-LENGTH DATA ELEMENTS--GENERAL INFORMATION
fixed length control field 181216s2006ru xx |||||||||||||| ||rus||
020 ## - INTERNATIONAL STANDARD BOOK NUMBER
International Standard Book Number 5922802712
040 ## - CATALOGING SOURCE
Transcribing agency GE_BSU
041 ## - LANGUAGE CODE
Language code of text/sound track or separate title rus
080 ## - UNIVERSAL DECIMAL CLASSIFICATION NUMBER
Universal Decimal Classification number 327(075.8) Б-27
100 ## - MAIN ENTRY--PERSONAL NAME
Personal name Барабанов, О.Н.
9 (RLIN) 15085
245 ## - TITLE STATEMENT
Title История мировой политики.Эпоха древного мира
Remainder of title Учебное пособие /
Statement of responsibility, etc. О.Н. Барабанов.
264 ## - PRODUCTION, PUBLICATION, DISTRIBUTION, MANUFACTURE, AND COPYRIGHT NOTICE
Place of production, publication, distribution, manufacture Москва :
Name of producer, publisher, distributor, manufacturer Московский гос. ун-т Международных отношений МИД. России,
Date of production, publication, distribution, manufacture, or copyright notice 2006.
300 ## - PHYSICAL DESCRIPTION
Extent 328 с :.
Other physical details 19 см.
653 ## - INDEX TERM--UNCONTROLLED
keyword История мировой политики
653 ## - INDEX TERM--UNCONTROLLED
keyword Политика
653 ## - INDEX TERM--UNCONTROLLED
keyword პოლიტიკა
942 ## - ADDED ENTRY ELEMENTS (KOHA)
Koha item type წიგნი
Source of classification or shelving scheme
ეგზემპლარები
Withdrawn status Lost status Damaged status Not for loan Date acquired Barcode Date last seen Price effective from Koha item type
        2018-12-17 3864 2018-12-17 2018-12-17 წიგნი